Score 0/24 Timer 05:00
0 Plays Today
Hint Answer % Correct
SandwichesClub
98.9%
Tony Winning MusicalsRent
97.7%
SandwichesSloppy Joe
97.3%
Santa's ReindeerBlitzen
96.3%
Santa's ReindeerComet
96.2%
Santa's ReindeerDonner
94.8%
SandwichesGrilled Cheese
94.4%
Tony Winning MusicalsBook of Mormon
93%
Tony Winning MusicalsLes Miserables
91.8%
Santa's ReindeerDancer
90.5%
Tony Winning MusicalsSweeney Todd
89.8%
iPhone AppsTiny Wings
89.6%
Hint Answer % Correct
Cell Phone CarriersVerizon
87.2%
iPhone AppsAngry Birds
86.1%
Cell Phone CarriersSprint
84.3%
SandwichesReuben
79.1%
Space ShuttlesAtlantis
68.8%
Space ShuttlesChallenger
63.7%
Cell Phone CarriersBoost
54.1%
iPhone AppsSporcle
48.6%
Cell Phone CarriersCricket
45.6%
Space ShuttlesDiscovery
41.8%
Space ShuttlesEndeavour
29.6%
iPhone AppsInstagram
3%
Remove Ads.
Support Sporcle.
Get the best of Sporcle when you Go Orange. This ad-free experience offers more features, more stats, and more fun while also helping to support Sporcle. Thank you for becoming a member.

You're not logged in!

Compare scores with friends on all Sporcle quizzes.
OR
Log In

Show Comments

Extras

Top Quizzes Today


Score Distribution

Your Account Isn't Verified!

In order to create a playlist on Sporcle, you need to verify the email address you used during registration. Go to your Sporcle Settings to finish the process.

Report this User

Report this user for behavior that violates our Community Guidelines.

Details: